00492nam a2200193Ia 4500003000400000005001700004008004100021020001500062040000700077041000800084082001700092100001800109245005500127250000700182260005800189300001800247365001100265650002200276OSt20251205102533.0210719s2004 xx 000 0 und d a8175810254 cAL aeng a823.009 PAUL aRajinder Paul aLawrence D Hb: sons and lovers : a critical study a27 aNew DelhibRama Brothers India Private Limitedc2004 aviii,206pbPB b80cRs aEnglish Criticism